Marie Antoinette / (Record no. 130197)

MARC details
000 -LEADER
campo de control de longitud fija 00628nam a2200205 i 4500
001 - NÚMERO DE CONTROL
campo de control 130197
003 - IDENTIFICADOR DE NÚMERO DE CONTROL
campo de control ES-MaACL
005 - FECHA Y HORA DE LA ÚLTIMA TRANSACCIÓN
campo de control 20231027063027.0
007 - CAMPO FIJO DE DESCRIPCIÓN FÍSICA--INFORMACIÓN GENERAL
campo de control de longitud fija t|
008 - DATOS DE LONGITUD FIJA--INFORMACIÓN GENERAL
campo de control de longitud fija 070723s1933 sp ||||1| spa d
100 1# - ENTRADA PRINCIPAL--NOMBRE DE PERSONA
Nombre de persona Zweig, Stefan,
Fechas asociadas al nombre 1881-1942
9 (RLIN) 118562
245 10 - MENCIÓN DEL TÍTULO
Título Marie Antoinette /
Mención de responsabilidad, etc. Stefan Zweig ; traduit par Alzir Hella.
250 ## - MENCION DE EDICION
Mención de edición 18e ed.
260 ## - PUBLICACIÓN, DISTRIBUCIÓN, ETC.
Lugar de publicación, distribución, etc. Paris :
Nombre del editor, distribuidor, etc. Bernard Grasset,
Fecha de publicación, distribución, etc. [1933]
300 ## - DESCRIPCIÓN FÍSICA
Extensión 506 p. ;
Dimensiones 21 cm.
600 04 - PUNTO DE ACCESO ADICIONAL DE MATERIA--NOMBRE DE PERSONA
Nombre de persona María Antonieta
Títulos y otros términos asociados al nombre Reina consorte de Luis XVI, Rey de Francia.
9 (RLIN) 76657
700 1# - ENTRADA AGREGADA--NOMBRE PERSONAL
Nombre de persona Hella, Alzir.
9 (RLIN) 62433
852 ## - LOCALIZACIÓN
Ubicación ES-MaACL
Número de control de estantería A-1841
Holdings
Estatus retirado Estado de pérdida Estado de daño No para préstamo Biblioteca de origen Biblioteca actual Ubicación en estantería Fecha de adquisición Fuente de adquisición Total de préstamos Signatura topográfica completa Código de barras Visto por última vez Precio de reemplazo Tipo de ítem Koha
        Biblioteca del Ateneo de Madrid Biblioteca del Ateneo de Madrid Sala Pecera Planta 1 17/01/2008     A-1841 1135566 23/02/2023 23/02/2023 Libro impreso